000 00604 a2200193 4500
020 _a1568810695
020 _a9781568810690
082 _a515.5
090 _c1303
_d1303
100 1 _aOlver, Frank.
245 1 0 _aAsymptotics and special functions /
_cFrank Olver.
260 _a[S.l.] :
_bA K Peters/CRC Press,
_c1997.
300 _a592 p. ;
_c24 cm.
490 1 _aAkp classics.
700 _aOlver, Frank.
830 0 _aAkp classics.
942 _aSNS
_cBK
_k515.5 OLV
999 _c29916
_d29916